Gender and history (Record no. 5849)
[ view plain ]
| 000 -LEADER | |
|---|---|
| fixed length control field | 00676nam a2200241Ia 4500 |
| 003 - CONTROL NUMBER IDENTIFIER | |
| control field | 0100 |
| 008 - FIXED-LENGTH DATA ELEMENTS--GENERAL INFORMATION | |
| fixed length control field | 130227s9999 xx 000 0 und d |
| 020 ## - INTERNATIONAL STANDARD BOOK NUMBER | |
| International Standard Book Number | 0231062214 |
| 040 ## - CATALOGING SOURCE | |
| Transcribing agency | ARRUPELIB |
| 050 ## - LIBRARY OF CONGRESS CALL NUMBER | |
| Classification number | HQ1206.N7 1986 |
| 100 ## - MAIN ENTRY--PERSONAL NAME | |
| Personal name | Nicholson, Linda J. |
| 245 ## - TITLE STATEMENT | |
| Title | Gender and history |
| 245 ## - TITLE STATEMENT | |
| Remainder of title | The limits of social theory in the age of the family |
| 260 ## - PUBLICATION, DISTRIBUTION, ETC. (IMPRINT) | |
| Place of publication, distribution, etc | New York |
| 260 ## - PUBLICATION, DISTRIBUTION, ETC. (IMPRINT) | |
| Name of publisher, distributor, etc | Columbia University Press |
| 260 ## - PUBLICATION, DISTRIBUTION, ETC. (IMPRINT) | |
| -- | 1986 |
| 300 ## - PHYSICAL DESCRIPTION | |
| Extent | x |
| 300 ## - PHYSICAL DESCRIPTION | |
| Other physical details | 238p 23cm |
| 650 ## - SUBJECT ADDED ENTRY--TOPICAL TERM | |
| Topical term following geographic name as entry element | Unites States- Social conditions- 1960- Addresses |
| 650 ## - SUBJECT ADDED ENTRY--TOPICAL TERM | |
| Location of event | Cities and towns- United States- Addresses |
| 650 ## - SUBJECT ADDED ENTRY--TOPICAL TERM | |
| Active dates | Social interaction- Addresses |
| 942 ## - ADDED ENTRY ELEMENTS (KOHA) | |
| Source of classification or shelving scheme | Library of Congress Classification |
| Koha issues (borrowed), all copies | 1 |
| Withdrawn status | Lost status | Source of classification or shelving scheme | Damaged status | Not for loan | Collection code | Home library | Current library | Shelving location | Date acquired | Total Checkouts | Full call number | Barcode | Date last seen | Date last borrowed | Copy number | Price effective from | Koha item type |
|---|---|---|---|---|---|---|---|---|---|---|---|---|---|---|---|---|---|
| Library of Congress Classification | Main Collection | ARRUPE LIBRARY | ARRUPE LIBRARY | 27/02/2013 | 1 | HQ1206.N7 1986 | 46407876 | 09/05/2018 | 20/03/2014 | 1 | 27/02/2013 | Monograph ( Printed materials) |